North star: Hight intermediate, reading and writing

Guardado en:
Detalles Bibliográficos
Formato: Libro
Publicado: 1998
Etiquetas: Agregar Etiqueta
Sin Etiquetas, Sea el primero en etiquetar este registro!
Thư viện lưu trữ: Mạng thư viện Đại học Đà Nẵng
LEADER 00463nam a22001811a 4500
001 000038199
003 14494
005 20160412021237.0
008 160412s1998 000
082 |a 4A(07)1809-10 
245 |a North star: Hight intermediate, reading and writing  |c Margot Gramer 
260 |c 1998 
OWN |a LNN 
999 |a From the UDN01 
TYP |a Monograph 
980 |a Mạng thư viện Đại học Đà Nẵng